|
|
|
|
| LEADER |
00000nam0a2200000 4500 |
| 001 |
177924 |
| 005 |
20231031165744.0 |
| 035 |
|
|
|a (RuTPU)RU\TPU\book\192902
|
| 090 |
|
|
|a 177924
|
| 100 |
|
|
|a 20100330d m y0rusy50 ca
|
| 101 |
0 |
|
|a rus
|
| 102 |
|
|
|a RU
|
| 105 |
|
|
|a a z 001zy
|
| 200 |
1 |
|
|a Introductory Nuclear Physics
|f D Halliday
|
| 205 |
|
|
|a 2nd ed.
|
| 210 |
|
|
|a New York
|c John Wiley&Sons inc.
|d 1955
|a London
|
| 215 |
|
|
|a 493 с.
|c il.
|
| 320 |
|
|
|a Index: p. 489-493.
|
| 610 |
1 |
|
|a физика
|
| 610 |
1 |
|
|a атомное ядро
|
| 610 |
1 |
|
|a ядерная физика
|
| 610 |
1 |
|
|a ядерная энергия
|
| 610 |
1 |
|
|a ядерные реакции
|
| 610 |
1 |
|
|a ядерные частицы
|
| 610 |
1 |
|
|a гамма-лучи
|
| 610 |
1 |
|
|a магнетизм
|
| 675 |
|
|
|a 539.14
|v 3
|
| 700 |
|
1 |
|a Halliday
|b D
|g David
|
| 801 |
|
1 |
|a RU
|b 63413507
|c 20100330
|
| 801 |
|
2 |
|a RU
|b 63413507
|c 20130617
|g RCR
|
| 942 |
|
|
|c BK
|